| 000 | 00882nam a2200265 a 4500 | ||
|---|---|---|---|
| 001 | 836 | ||
| 003 | BR-CuiBMT | ||
| 005 | 20231121014815.0 | ||
| 008 | 230929s2007 rjba 000 0 por d | ||
| 020 | _a9788522505883 | ||
| 040 |
_aBR-CuiBMT _cBR-CuiBMT |
||
| 080 |
_a347.97/.99:32 _22007 _x(81) |
||
| 090 |
_a347.97/.99:32(81) _bL864j |
||
| 100 | 1 | _aLopes Junior, Eduardo Monteiro | |
| 245 | 1 | 2 |
_aA judicialização da política no Brasil e o TCU / _cEduardo Monteiro Lopes Junior. |
| 260 |
_aRio de Janeiro : _bFGV, _c2007. |
||
| 300 |
_a124 p. ; _bil. : _c23 cm |
||
| 500 | _aOriginalmente apresentada como dissertação do autor (mestrado -- IUPERJ, 2003). | ||
| 504 | _aInclui bibliografia. | ||
| 650 |
_aPolítica e governo _zBrasil |
||
| 650 |
_aPoder legislativo _zBrasil |
||
| 650 |
_aPoder executivo _zBrasil |
||
| 650 |
_aDireito e política _zBrasil |
||
| 942 |
_2udc _cLV |
||
| 999 |
_c836 _d836 |
||